FFTC Research Highlights (Record no. 298)

MARC details
000 -LEADER
fixed length control field 01184nam a22002777a 4500
001 - CONTROL NUMBER
control field 02912
003 - CONTROL NUMBER IDENTIFIER
control field HDC
007 - PHYSICAL DESCRIPTION FIXED FIELD--GENERAL INFORMATION
fixed length control field cr bn ---aaaaa
008 - FIXED-LENGTH DATA ELEMENTS--GENERAL INFORMATION
fixed length control field 201224b20032003tai||||| |||| 00| 0 eng d
022 ## - INTERNATIONAL STANDARD SERIAL NUMBER
International Standard Serial Number 0379-7627
040 ## - CATALOGING SOURCE
Original cataloging agency HDC
110 ## - MAIN ENTRY--CORPORATE NAME
Corporate name or jurisdiction name as entry element Food and Fertilizer Technology Center (FFTC)
245 #0 - TITLE STATEMENT
Title FFTC Research Highlights
Remainder of title : Stimulation of sex change or ovarian development in protogynous grouper, Epinepheleus coioides : effect of dose exogenous androgens
Statement of responsibility, etc. / Mariculture Research Center, Taiwan Fisheries Research Institute
260 ## - PUBLICATION, DISTRIBUTION, ETC.
Place of publication, distribution, etc. Taiwan:
Name of publisher, distributor, etc. Food and Fertilizer Technology Center,
Date of publication, distribution, etc. 2003
300 ## - PHYSICAL DESCRIPTION
Extent 1 online resource (2 pages)
336 ## - CONTENT TYPE
Content type term text
Source rdacontent
337 ## - MEDIA TYPE
Media type term computer
Source rdamedia
338 ## - CARRIER TYPE
Carrier type term online resource
Source rdacarrier
500 ## - GENERAL NOTE
General note Extract from: FFTC Research Highlights, March 2003
650 ## - SUBJECT ADDED ENTRY--TOPICAL TERM
Topical term or geographic name entry element Plant biotechnology
9 (RLIN) 1349
710 ## - ADDED ENTRY--CORPORATE NAME
Corporate name or jurisdiction name as entry element Mariculture Research Center, Taiwan Fisheries Research Institute
Relator term author
856 ## - ELECTRONIC LOCATION AND ACCESS
Public note Request full-text at [email protected]
942 ## - ADDED ENTRY ELEMENTS (KOHA)
Source of classification or shelving scheme Library of Congress Classification
942 ## - ADDED ENTRY ELEMENTS (KOHA)
Koha item type Articles
942 ## - ADDED ENTRY ELEMENTS (KOHA)
Call number prefix EMAG 000158
Holdings
Withdrawn status Lost status Source of classification or shelving scheme Damaged status Not for loan Home library Current library Shelving location Date acquired Total checkouts Full call number Date last seen Price effective from Koha item type
    Library of Congress Classification     Halal Development Corporation Library Halal Development Corporation Library Open Shelves 24/05/2023   EMAG 000158 24/05/2023 24/05/2023 Articles
Halal Development Corporation Berhad (HDC)
5.02 Level 5, KPMG Tower, First Avenue, Persiaran Bandar Utama, 47800 Petaling Jaya, Selangor Darul Ehsan
Phone: +603 7965 5489 Email: [email protected]